An introduction to the early history of Christian doctrine : to the time of the Council of Chalcedon /

محفوظ في:

المؤلف الرئيسي: Bethune-Baker, J. F., 1861-1951 (مؤلف)

التنسيق: كتاب

اللغة: English

منشور في: London : Methuen, 1958.

الموضوعات:

الوسوم: إضافة وسم

لا توجد وسوم, كن أول من يضع وسما على هذه التسجيلة!

رقم الطلب: BT25 .B4 1958

LEADER 00826nam a2200253u 4500
001 577
003 OSt
005 20251019121702.0
008 130303s1958 enk b 000 0 eng d
010 |a 57029446 
035 |a rdb04127367 
040 |c ARCE Library 
049 |a EARC 
050 4 |a BT25 .B4 1958 
100 1 |a Bethune-Baker, J. F.,   |q (James Franklin),   |d 1861-1951,   |e author  |9 26719 
245 1 3 |a An introduction to the early history of Christian doctrine :  |b to the time of the Council of Chalcedon /  |c J. F. Bethune-Baker. 
264 1 |a London :  |b Methuen,  |c 1958. 
300 |a xxvi, 458 pages ;  |c 23 cm. 
504 |a Includes bibliographical references. 
650 0 |a Theology, Doctrinal  |x History  |y Early church, ca. 30-600. 
650 0 |a Fathers of the church. 
901 |a reviewed 
942 |c BK  |2 lcc 
999 |c 1957  |d 1957